[Event "2. Bundesliga Mitte 2009/2010"]
[Site "Frauental"]
[Date "2010.02.27"]
[Round "7"]
[Board "4"]
[White "Reiss, Georg"]
[Black "Pesorda, Ivan"]
[Result "1/2-1/2"]
[WhiteElo "2153"]
[BlackElo "2256"]
[PlyCount "70"]
[EventDate "2009.10.10"]
[EventType "team"]
[EventRounds "11"]
[EventCountry "AUT"]
[WhiteTeam "SV Raika Rapid Feffernitz"]
[BlackTeam "Strassenbahn Graz"]

1.d4 Nf6 2.Nf3 c5 3.d5 e6 4.c4 exd5 5.cxd5 d6 6.Nc3 g6 7.e4 Bg7 8.Be2 O-O 9.O-O
Na6 10.Bf4 Nc7 11.a4 Nh5 12.Bg5 f6 13.Be3 f5 14.Bg5 Bf6 15.Bxf6 Nxf6 16.e5 dxe5
17.Nxe5 Nce8 18.Bc4 Nd6 19.Ba2 a6 20.Re1 Kg7 21.Qd3 Re8 22.f4 Bd7 23.Rac1 b5
24.b3 Qb6 25.Kh1 Rac8 26.Nxd7 Nxd7 27.Re6 Nf8 28.Re5 Nd7 29.Re6 Nf8 30.Re5 b4
31.Nd1 Nd7 32.Re6 Nf8 33.Re5 Nd7 34.Re6 Nf8 35.Re5 Nd7

[Event "2. Bundesliga Mitte 2009/2010"]
[Site "Frauental"]
[Date "2010.02.27"]
[Round "7"]
[Board "5"]
[White "Krebs, Johann"]
[Black "Tschohl, Christof"]
[Result "1/2-1/2"]
[WhiteElo "2218"]
[BlackElo "2160"]
[PlyCount "120"]
[EventDate "2009.10.10"]
[EventType "team"]
[EventRounds "11"]
[EventCountry "AUT"]
[WhiteTeam "Strassenbahn Graz"]
[BlackTeam "SV Raika Rapid Feffernitz"]

1.d4 d5 2.c4 e6 3.Nf3 Nf6 4.Nc3 Be7 5.Bg5 O-O 6.e3 h6 7.Bh4 b6 8.Rc1 Nbd7 9.cxd5
exd5 10.Bd3 Bb7 11.O-O Ne4 12.Bxe7 Qxe7 13.Qa4 c5 14.Rfd1 Rfd8 15.dxc5 Ndxc5
16.Qa3 Qf6 17.b4 Nxd3 18.Rxd3 a5 19.b5 d4 20.Nxe4 Bxe4 21.Rxd4 Bxf3 22.Rf4 Qg5
23.Rxf3 Qxb5 24.Qe7 Rd7 25.Qe4 Rad8 26.h4 Rd1+ 27.Rxd1 Rxd1+ 28.Kh2 Qd7 29.Rf5
f6 30.a4 Kf7 31.h5 Qe6 32.Qf3 Qd7 33.Rb5 Ke7 34.Qg3 Qd6 35.Qxd6+ Rxd6 36.Kg3 Kd7
37.Kf4 Kc6 38.Rb2 Rd5 39.g4 Rc5 40.e4 Rc4 41.Ra2 b5 42.axb5+ Kxb5 43.Rb2+ Rb4
44.Rc2 a4 45.Kf5 a3 46.f4 Ka4 47.e5 fxe5 48.fxe5 Kb3 49.Rc1 Kb2 50.Re1 Rb5
51.Kg6 a2 52.Re2+ Ka3 53.Rxa2+ Kxa2 54.Kxg7 Rb6 55.Kf7 Rb4 56.e6 Rxg4 57.e7 Rf4+
58.Ke6 Re4+ 59.Kf7 Rf4+ 60.Kg6 Re4

[Event "2. Bundesliga Mitte 2009/2010"]
[Site "Frauental"]
[Date "2010.02.27"]
[Round "7"]
[Board "6"]
[White "Arztmann, Wolfgang"]
[Black "Steiner, Stefan"]
[Result "1-0"]
[WhiteElo "2102"]
[BlackElo "2230"]
[PlyCount "95"]
[EventDate "2009.10.10"]
[EventType "team"]
[EventRounds "11"]
[EventCountry "AUT"]
[WhiteTeam "SV Raika Rapid Feffernitz"]
[BlackTeam "Strassenbahn Graz"]

1.g3 d5 2.Nf3 Nc6 3.Bg2 e5 4.d3 Bg4 5.h3 Be6 6.c3 f6 7.b4 Qd7 8.Nbd2 Bd6 9.Bb2
Nge7 10.a3 a5 11.e4 axb4 12.axb4 Rxa1 13.Qxa1 O-O 14.h4 d4 15.cxd4 Nxb4 16.O-O
Nxd3 17.dxe5 fxe5 18.Nxe5 Nxe5 19.Bxe5 Bxe5 20.Qxe5 Nc6 21.Qb2 Nd4 22.f4 Bg4
23.Nf3 Bxf3 24.Bxf3 c5 25.Kg2 Nxf3 26.Rxf3 b5 27.Ra3 Rd8 28.e5 b4 29.Qa2+ Qd5+
30.Qxd5+ Rxd5 31.Ra8+ Kf7 32.Rb8 Ke7 33.Kf3 Rd3+ 34.Ke4 Rxg3 35.Rb7+ Kd8 36.Kd5
g6 37.Kxc5 b3 38.h5 Rf3 39.hxg6 hxg6 40.Kd6 Kc8 41.Rb4 b2 42.Rxb2 Rxf4 43.e6 Rf1
44.Rc2+ Kb8 45.e7 Rd1+ 46.Ke6 Re1+ 47.Kf7 Rf1+ 48.Kxg6

[Event "2. Bundesliga Mitte 2009/2010"]
[Site "Frauental"]
[Date "2010.02.27"]
[Round "7"]
[Board "1"]
[White "Diermair, Andreas"]
[Black "Horvath, Jozsef"]
[Result "1/2-1/2"]
[WhiteElo "2333"]
[BlackElo "2547"]
[PlyCount "132"]
[EventDate "2009.10.10"]
[EventType "team"]
[EventRounds "11"]
[EventCountry "AUT"]
[WhiteTeam "Frauental"]
[BlackTeam "SC Die Klagenfurter"]

1.e4 d6 2.d4 Nf6 3.Nc3 e5 4.Nf3 Nbd7 5.Bc4 Be7 6.O-O O-O 7.Re1 c6 8.a4 a5 9.h3
exd4 10.Nxd4 Nc5 11.Bf4 Qb6 12.b3 Re8 13.Qf3 Ncd7 14.Rad1 Ne5 15.Bxe5 dxe5
16.Nf5 Bxf5 17.exf5 Bb4 18.Re2 Bxc3 19.Qxc3 e4 20.g4 h6 21.Rd6 Qb4 22.Qd4 e3
23.Rxf6 gxf6 24.Qxf6 exf2+ 25.Rxf2 Qf8 26.Qg6+ Kh8 27.Bxf7 Re1+ 28.Kg2 Qg7 29.f6
Qxg6 30.Bxg6 Rf8 31.h4 Re5 32.Kg3 Kg8 33.Rf3 b5 34.Bd3 Kf7 35.h5 Ke6 36.Bf5+
Kxf6 37.Be4+ Kg7 38.Bxc6 Rxf3+ 39.Kxf3 b4 40.Be4 Kf6 41.Kf4 Re8 42.Bg6 Rc8
43.Bf5 Rc7 44.Be4 Rd7 45.Bf5 Rd4+ 46.Ke3 Ke5 47.Bc8 Re4+ 48.Kd3 Rd4+ 49.Ke3 Rd1
50.Bf5 Rd8 51.Bd3 Rd6 52.Be4 Rd4 53.Bf5 Rd1 54.Ke2 Rd6 55.Ke3 Rc6 56.Be4 Rc7
57.Bf5 Rc3+ 58.Bd3 Rc8 59.Bf5 Rc7 60.Be4 Rd7 61.Bd3 Rd4 62.Bf5 Rf4 63.Kd3 Kd5
64.Ke3 Rd4 65.Be6+ Ke5 66.Bf5 Rd5

[Event "2. Bundesliga Mitte 2009/2010"]
[Site "Frauental"]
[Date "2010.02.27"]
[Round "7"]
[Board "2"]
[White "Pilaj, Herwig"]
[Black "Cigan, Stefan"]
[Result "1-0"]
[WhiteElo "2363"]
[BlackElo "2371"]
[PlyCount "45"]
[EventDate "2009.10.10"]
[EventType "team"]
[EventRounds "11"]
[EventCountry "AUT"]
[WhiteTeam "SC Die Klagenfurter"]
[BlackTeam "Frauental"]

1.c4 e6 2.Nc3 d5 3.d4 c5 4.cxd5 exd5 5.Nf3 Nc6 6.e3 Nf6 7.Bb5 Bd6 8.dxc5 Bxc5
9.O-O O-O 10.b3 Qa5 11.Bb2 Rd8 12.Qc2 Bg4 13.Bxc6 bxc6 14.Ne5 Qc7 15.Ne2 Bxe2
16.Qxe2 Bd6 17.Nf3 Ne4 18.h3 c5 19.Rac1 Qa5 20.Ba1 Rac8 21.Rfd1 h6 22.Rxd5 Bh2+
23.Nxh2

[Event "2. Bundesliga Mitte 2009/2010"]
[Site "Frauental"]
[Date "2010.02.27"]
[Round "7"]
[Board "3"]
[White "Schnider, Gert"]
[Black "Genser, Harald"]
[Result "1/2-1/2"]
[WhiteElo "2322"]
[BlackElo "2272"]
[PlyCount "27"]
[EventDate "2009.10.10"]
[EventType "team"]
[EventRounds "11"]
[EventCountry "AUT"]
[WhiteTeam "Frauental"]
[BlackTeam "SC Die Klagenfurter"]

1.e4 c5 2.Nf3 g6 3.d4 cxd4 4.Nxd4 Nc6 5.Nc3 Bg7 6.Be3 Nf6 7.Be2 O-O 8.O-O d5
9.exd5 Nb4 10.Nf3 Bf5 11.Nd4 Bc8 12.Nf3 Bf5 13.Nd4 Bc8 14.Nf3

[Event "2. Bundesliga Mitte 2009/2010"]
[Site "Frauental"]
[Date "2010.02.27"]
[Round "7"]
[Board "4"]
[White "Petschar, Kurt"]
[Black "Schreiner, Peter"]
[Result "1/2-1/2"]
[WhiteElo "2266"]
[BlackElo "2254"]
[PlyCount "82"]
[EventDate "2009.10.10"]
[EventType "team"]
[EventRounds "11"]
[EventCountry "AUT"]
[WhiteTeam "SC Die Klagenfurter"]
[BlackTeam "Frauental"]

1.c4 Nf6 2.Nc3 c5 3.Nf3 Nc6 4.d4 cxd4 5.Nxd4 g6 6.e4 d6 7.Be2 Nxd4 8.Qxd4 Bg7
9.Bg5 O-O 10.Qd2 Be6 11.O-O Qa5 12.Rac1 Rfc8 13.b3 a6 14.f4 Rc5 15.Qe3 Rac8
16.a4 Qb4 17.e5 dxe5 18.fxe5 Ng4 19.Bxg4 Rxe5 20.Qf2 Rxg5 21.Bxe6 fxe6 22.Qf7+
Kh8 23.Qxe6 Qc5+ 24.Kh1 Qc6 25.Qe2 e6 26.Rf3 Rf5 27.Rcf1 Rcf8 28.Ne4 h6 29.Ng3
Rxf3 30.Rxf3 Rxf3 31.Qxf3 Qd6 32.Ne4 Qd4 33.g3 Kh7 34.h4 Qe5 35.Kg2 a5 36.Qd3 b6
37.Nf2 Qf5 38.g4 Qxd3 39.Nxd3 Bf6 40.h5 gxh5 41.gxh5 Kg7

[Event "2. Bundesliga Mitte 2009/2010"]
[Site "Frauental"]
[Date "2010.02.27"]
[Round "7"]
[Board "5"]
[White "Weber, Christoph"]
[Black "Titz, Heimo"]
[Result "0-1"]
[WhiteElo "2208"]
[BlackElo "2242"]
[PlyCount "58"]
[EventDate "2009.10.10"]
[EventType "team"]
[EventRounds "11"]
[EventCountry "AUT"]
[WhiteTeam "Frauental"]
[BlackTeam "SC Die Klagenfurter"]

1.e4 c5 2.Nf3 Nc6 3.d4 cxd4 4.Nxd4 Nf6 5.Nc3 d6 6.Be2 e5 7.Nb3 Be7 8.O-O O-O
9.Kh1 a5 10.Bg5 Nxe4 11.Bxe7 Nxc3 12.Bxd8 Nxd1 13.Bb6 Nxb2 14.a4 Be6 15.Nd2 d5
16.Bc5 Rfd8 17.Rfb1 Nc4 18.Nxc4 dxc4 19.Rxb7 Nd4 20.Bxd4 Rxd4 21.Rab1 g6 22.h3
Rd2 23.Bf3 Rad8 24.Rb8 Rxb8 25.Rxb8+ Kg7 26.Rb5 Rxc2 27.Rxe5 c3 28.Be4 Rxf2
29.Rc5 Re2

[Event "2. Bundesliga Mitte 2009/2010"]
[Site "Frauental"]
[Date "2010.02.27"]
[Round "7"]
[Board "6"]
[White "Wertjanz, David"]
[Black "Raffalt, Manfred"]
[Result "1/2-1/2"]
[WhiteElo "2126"]
[BlackElo "2136"]
[PlyCount "64"]
[EventDate "2009.10.10"]
[EventType "team"]
[EventRounds "11"]
[EventCountry "AUT"]
[WhiteTeam "SC Die Klagenfurter"]
[BlackTeam "Frauental"]

1.e4 e5 2.Nf3 Nc6 3.Bb5 Nge7 4.Nc3 Ng6 5.d4 exd4 6.Nxd4 Bc5 7.Nb3 Bb6 8.O-O O-O
9.a4 a6 10.Be2 d6 11.Nd5 Ba7 12.Kh1 f5 13.exf5 Bxf5 14.Be3 Bxe3 15.Nxe3 Nf4
16.Bf3 Bd7 17.Nd5 Rb8 18.Nxf4 Rxf4 19.Bd5+ Kh8 20.g3 Rf8 21.f4 Ne7 22.Bg2 Nf5
23.Qd2 Qf6 24.c3 Rfe8 25.Bf3 Ne3 26.Rfe1 Nc4 27.Qf2 Rxe1+ 28.Rxe1 Bxa4 29.Nc1
Nb6 30.b3 Bd7 31.Qe3 h6 32.Qd2 a5

[Event "2. Bundesliga Mitte 2009/2010"]
[Site "Frauental"]
[Date "2010.02.27"]
[Round "7"]
[Board "1"]
[White "Sandhoefner, Florian"]
[Black "Horvath, Adam"]
[Result "0-1"]
[WhiteElo "2160"]
[BlackElo "2501"]
[PlyCount "68"]
[EventDate "2009.10.10"]
[EventType "team"]
[EventRounds "11"]
[EventCountry "AUT"]
[WhiteTeam "ASK St. Valentin"]
[BlackTeam "RbEJ Gleisdorf"]

1.d4 Nf6 2.c4 e6 3.Nc3 Bb4 4.Qc2 O-O 5.a3 Bxc3+ 6.Qxc3 d5 7.Nf3 dxc4 8.Qxc4 b6
9.Bf4 Ba6 10.Qa4 Qc8 11.Rc1 Nd5 12.Bg3 Qb7 13.b4 c6 14.e3 Bxf1 15.Kxf1 b5 16.Qc2
a5 17.e4 Nb6 18.Bd6 Rd8 19.Bc5 Nc4 20.Qb3 axb4 21.Bxb4 Qa6 22.g3 Qa4 23.Rc3 Qxb3
24.Rxb3 e5 25.dxe5 Nd7 26.Bd6 Nf6 27.exf6 Rxd6 28.Kg2 Rxa3 29.Rxa3 Nxa3 30.e5
Rd5 31.Re1 b4 32.Re3 c5 33.fxg7 Nc2 34.Rb3 c4

[Event "2. Bundesliga Mitte 2009/2010"]
[Site "Frauental"]
[Date "2010.02.27"]
[Round "7"]
[Board "2"]
[White "Horvath, Tamas"]
[Black "Kranzl, Peter"]
[Result "1-0"]
[WhiteElo "2424"]
[BlackElo "2285"]
[PlyCount "65"]
[EventDate "2009.10.10"]
[EventType "team"]
[EventRounds "11"]
[EventCountry "AUT"]
[WhiteTeam "RbEJ Gleisdorf"]
[BlackTeam "ASK St. Valentin"]

1.e4 c6 2.d4 d5 3.Nc3 dxe4 4.Nxe4 Nd7 5.Bc4 Ngf6 6.Ng5 e6 7.Qe2 Nb6 8.Bb3 h6
9.N5f3 a5 10.a3 a4 11.Ba2 c5 12.Be3 Nbd5 13.Ne5 Qa5+ 14.Bd2 Qb6 15.Nc4 Qc7
16.Nf3 Be7 17.O-O O-O 18.Rfe1 Re8 19.Nce5 Bd6 20.c4 Ne7 21.dxc5 Bxc5 22.Bc3 Nc6
23.Rad1 Bd7 24.Bb1 Red8 25.Qc2 Be8 26.Ng4 Be7 27.Nfe5 Rxd1 28.Rxd1 h5 29.Nxf6+
Bxf6 30.Qh7+ Kf8 31.Ng6+ fxg6 32.Bxg6 Qf7 33.Qh8+

[Event "2. Bundesliga Mitte 2009/2010"]
[Site "Frauental"]
[Date "2010.02.27"]
[Round "7"]
[Board "3"]
[White "Tober, Gerhard"]
[Black "Meszaros, Tamas"]
[Result "1/2-1/2"]
[WhiteElo "2296"]
[BlackElo "2426"]
[PlyCount "90"]
[EventDate "2009.10.10"]
[EventType "team"]
[EventRounds "11"]
[EventCountry "AUT"]
[WhiteTeam "ASK St. Valentin"]
[BlackTeam "RbEJ Gleisdorf"]

1.e4 e5 2.Nf3 Nc6 3.d4 exd4 4.Bc4 Nf6 5.e5 d5 6.Bb5 Ne4 7.Nxd4 Bd7 8.Bxc6 bxc6
9.O-O Bc5 10.Be3 Bb6 11.Nd2 Nxd2 12.Qxd2 c5 13.Bg5 Qc8 14.Ne2 h6 15.Bh4 Bc6
16.e6 O-O 17.Nf4 g5 18.Rfe1 fxe6 19.Nxe6 Rf6 20.Nxg5 Qg4 21.Nf3 d4 22.h3 Qg6
23.Bxf6 Bxf3 24.Bg5 Bb7 25.Re5 Kh8 26.f4 Rg8 27.Qe2 hxg5 28.Rxg5 Qe4 29.Rh5+ Kg7
30.Qg4+ Kf7 31.Qd7+ Kf6 32.Rh6+ Rg6 33.Qd8+ Kg7 34.Qh8+ Kf7 35.Rh7+ Ke6 36.f5+
Qxf5 37.Qe8+ Kd6 38.Qd8+ Kc6 39.Qe8+ Kd6 40.Rd7+ Qxd7 41.Qxg6+ Qe6 42.Qg3+ Qe5
43.Qg6+ Qe6 44.Qg3+ Qe5 45.Qg6+ Qe6

[Event "2. Bundesliga Mitte 2009/2010"]
[Site "Frauental"]
[Date "2010.02.27"]
[Round "7"]
[Board "4"]
[White "Watzka, Horst"]
[Black "Heimberger, Reinhard"]
[Result "1/2-1/2"]
[WhiteElo "2311"]
[BlackElo "2257"]
[PlyCount "80"]
[EventDate "2009.10.10"]
[EventType "team"]
[EventRounds "11"]
[EventCountry "AUT"]
[WhiteTeam "RbEJ Gleisdorf"]
[BlackTeam "ASK St. Valentin"]

1.e4 c5 2.Nf3 e6 3.c4 d6 4.d4 cxd4 5.Nxd4 Nf6 6.Nc3 Be7 7.g3 O-O 8.Bg2 a6 9.O-O
Bd7 10.Be3 Nc6 11.Nxc6 Bxc6 12.Rc1 Rc8 13.Qb3 Nd7 14.Nd5 Nc5 15.Nxe7+ Qxe7
16.Qc2 a5 17.b3 f5 18.exf5 Bxg2 19.Kxg2 Rxf5 20.Rce1 Qd7 21.Kg1 Rcf8 22.Re2 Qc8
23.Bd4 e5 24.Bxc5 Qxc5 25.Rd2 R8f6 26.Qe4 Qb6 27.Qd5+ Kh8 28.Rc2 h6 29.Kg2 Rf8
30.c5 dxc5 31.Qxc5 Qxc5 32.Rxc5 b6 33.Rc6 R5f6 34.Rxf6 Rxf6 35.Re1 Re6 36.Kf3
Rf6+ 37.Kg2 Re6 38.Re4 Kg8 39.Kf3 Kf7 40.Ke3 Kf6

[Event "2. Bundesliga Mitte 2009/2010"]
[Site "Frauental"]
[Date "2010.02.27"]
[Round "7"]
[Board "5"]
[White "Petroczi, Thomas"]
[Black "Schriebl, Alexander"]
[Result "1-0"]
[WhiteElo "2203"]
[BlackElo "2099"]
[PlyCount "95"]
[EventDate "2009.10.10"]
[EventType "team"]
[EventRounds "11"]
[EventCountry "AUT"]
[WhiteTeam "ASK St. Valentin"]
[BlackTeam "RbEJ Gleisdorf"]

1.e4 d5 2.exd5 Qxd5 3.Nc3 Qa5 4.d4 c6 5.Nf3 Nf6 6.Bd2 Qb6 7.Na4 Qc7 8.c4 Bg4
9.Nc3 e6 10.h3 Bh5 11.Be2 Nbd7 12.Qb3 Qb6 13.Qxb6 Nxb6 14.Ne5 Bxe2 15.Kxe2 Bb4
16.Rac1 Bxc3 17.Bxc3 Nfd7 18.Nxd7 Kxd7 19.b3 Rhe8 20.f4 Nc8 21.Kf3 Ne7 22.a4 a6
23.a5 h5 24.g3 g6 25.Bb4 Rad8 26.Bc5 Kc8 27.Rhe1 Nf5 28.Rcd1 Rd7 29.Bb6 Rg8
30.Re5 Rh8 31.Rd3 Kb8 32.d5 cxd5 33.cxd5 Ne7 34.d6 Nd5 35.Bc5 Rc8 36.b4 Rc6
37.f5 gxf5 38.Rdxd5 exd5 39.Rxd5 h4 40.gxh4 Rc8 41.Rxf5 Re8 42.h5 Re6 43.Kg4 Kc8
44.Kg5 Kd8 45.h6 Rg6+ 46.Kh5 Rg3 47.h4 Rg8 48.Bd4

[Event "2. Bundesliga Mitte 2009/2010"]
[Site "Frauental"]
[Date "2010.02.27"]
[Round "7"]
[Board "6"]
[White "Knoll, Martin"]
[Black "Dornauer, Joachim"]
[Result "1/2-1/2"]
[WhiteElo "2038"]
[BlackElo "2135"]
[PlyCount "59"]
[EventDate "2009.10.10"]
[EventType "team"]
[EventRounds "11"]
[EventCountry "AUT"]
[WhiteTeam "RbEJ Gleisdorf"]
[BlackTeam "ASK St. Valentin"]

1.d4 Nf6 2.c4 e6 3.Nc3 d5 4.Bg5 Be7 5.e3 O-O 6.Nf3 h6 7.Bxf6 Bxf6 8.cxd5 exd5
9.Bd3 Be6 10.O-O Nd7 11.Rc1 c6 12.Bb1 g6 13.Ne2 Bg7 14.Nf4 Re8 15.Nxe6 Rxe6
16.Qd3 Qe7 17.a4 a5 18.Qb3 Rb8 19.Qc3 Ra8 20.Qb3 Nf8 21.Rc5 Rd6 22.Bd3 Ne6
23.Rcc1 Rd7 24.Qb6 Qd8 25.Qxd8+ Rdxd8 26.Rc2 Bf6 27.Rfc1 Kg7 28.Nd2 Be7 29.Nb3
Bd6 30.h3

[Event "2. Bundesliga Mitte 2009/2010"]
[Site "Frauental"]
[Date "2010.02.27"]
[Round "7"]
[Board "1"]
[White "Reichmann, Egon"]
[Black "Skoberne, Jure"]
[Result "0-1"]
[WhiteElo "2331"]
[BlackElo "2509"]
[PlyCount "131"]
[EventDate "2009.10.10"]
[EventType "team"]
[EventRounds "11"]
[EventCountry "AUT"]
[WhiteTeam "Admira Villach"]
[BlackTeam "ESV Austria Graz"]

1.e4 c5 2.c3 Nf6 3.e5 Nd5 4.d4 cxd4 5.Nf3 Nc6 6.cxd4 d6 7.Bc4 e6 8.O-O Be7 9.Qe2
O-O 10.Nc3 Nxc3 11.bxc3 dxe5 12.Nxe5 Nxe5 13.Qxe5 Bd7 14.Bd2 Bc6 15.Rfe1 Bd6
16.Qh5 g6 17.Qh6 Qc7 18.Bg5 Rfe8 19.Bb3 e5 20.Re3 Bf8 21.Qh4 exd4 22.cxd4 Bg7
23.Bf6 Qd6 24.Bxg7 Kxg7 25.Rae1 Rxe3 26.Rxe3 Bd5 27.h3 Rd8 28.Qe7 Qxe7 29.Rxe7
Kf6 30.Rc7 Bxb3 31.axb3 b6 32.Rxa7 Rxd4 33.Rc7 Rd1+ 34.Kh2 Ke6 35.Rb7 Rd6 36.Kg1
Rd1+ 37.Kh2 Rd6 38.Kg1 f5 39.Kf1 Rc6 40.Ke2 h5 41.Kd3 Kd5 42.g4 fxg4 43.hxg4
hxg4 44.Rf7 Ke5 45.Re7+ Kf4 46.Rf7+ Kg5 47.b4 Rc1 48.Rb7 Rd1+ 49.Ke2 Rd6 50.Kf1
Kf4 51.Kg2 Ke4 52.Kg3 Kd3 53.Re7 Rd4 54.Re3+ Kc4 55.Re6 b5 56.Rxg6 Kxb4 57.Rxg4
Rxg4+ 58.Kxg4 Kc4 59.f4 b4 60.f5 Kd5 61.Kg5 b3 62.f6 Ke6 63.Kg6 b2 64.f7 b1=Q+
65.Kg7 Qg1+ 66.Kh8

[Event "2. Bundesliga Mitte 2009/2010"]
[Site "Frauental"]
[Date "2010.02.27"]
[Round "7"]
[Board "2"]
[White "Sakelsek, Tadej"]
[Black "Perhinig, Robert"]
[Result "1-0"]
[WhiteElo "2403"]
[BlackElo "2287"]
[PlyCount "105"]
[EventDate "2009.10.10"]
[EventType "team"]
[EventRounds "11"]
[EventCountry "AUT"]
[WhiteTeam "ESV Austria Graz"]
[BlackTeam "Admira Villach"]

1.e4 e6 2.d4 d5 3.Nd2 dxe4 4.Nxe4 Nd7 5.Nf3 Ngf6 6.Nxf6+ gxf6 7.g3 b6 8.Bg2 Bb7
9.Qe2 Bg7 10.Be3 O-O 11.Rd1 Qe7 12.c4 b5 13.O-O bxc4 14.Qxc4 Rfc8 15.Rfe1 Bd5
16.Qc2 f5 17.b3 a5 18.Bg5 Qa3 19.Ne5 Nb6 20.Nc6 Re8 21.Bc1 Qf8 22.Bd2 Qa3 23.Bc1
Qf8 24.a4 Bh6 25.Bxd5 Nxd5 26.Bd2 Bxd2 27.Qxd2 f4 28.Nxa5 Qh6 29.Nc6 f6 30.Nb4
Rad8 31.Nxd5 Rxd5 32.Qxf4 Qxf4 33.gxf4 Kf7 34.Rc1 Rxd4 35.Rxc7+ Kg6 36.f5+ Kxf5
37.Rxh7 Rg8+ 38.Kf1 e5 39.a5 Rb4 40.Rh3 Ra8 41.Ra1 e4 42.Ke2 Ke5 43.Kd2 Kd4
44.Kc2 f5 45.Rc3 Ke5 46.a6 Rb5 47.a7 Kf4 48.Rc7 Kf3 49.Kc3 Kxf2 50.Kc4 Re5
51.Kd4 Rb5 52.Rc3 Rb4+ 53.Kc5

[Event "2. Bundesliga Mitte 2009/2010"]
[Site "Frauental"]
[Date "2010.02.27"]
[Round "7"]
[Board "3"]
[White "Frank, Dieter"]
[Black "Kotz, Heinz Peter"]
[Result "0-1"]
[WhiteElo "2144"]
[BlackElo "2332"]
[PlyCount "76"]
[EventDate "2009.10.10"]
[EventType "team"]
[EventRounds "11"]
[EventCountry "AUT"]
[WhiteTeam "Admira Villach"]
[BlackTeam "ESV Austria Graz"]

1.e4 e5 2.Nf3 Nc6 3.Bc4 Nf6 4.d3 Be7 5.O-O O-O 6.Re1 d6 7.c3 Na5 8.Bb5 a6 9.Ba4
b5 10.Bc2 c5 11.Nbd2 Re8 12.Nf1 h6 13.h3 Bf8 14.a4 Bb7 15.Ng3 g6 16.d4 exd4
17.cxd4 Nc6 18.axb5 axb5 19.Rxa8 Bxa8 20.d5 Nb4 21.Bb1 Nd7 22.h4 Bg7 23.h5 Qf6
24.Nh2 Qh4 25.Ng4 Kh7 26.Qf3 Bxd5 27.Nf5 gxf5 28.Qxf5+ Kh8 29.e5 Nf8 30.Bxh6 Be6
31.Bxg7+ Kxg7 32.h6+ Kh8 33.exd6 Bxf5 34.Rxe8 Qxg4 35.Rxf8+ Kh7 36.Rxf7+ Kxh6
37.Bxf5 Qd1+ 38.Kh2 Qh5+

[Event "2. Bundesliga Mitte 2009/2010"]
[Site "Frauental"]
[Date "2010.02.27"]
[Round "7"]
[Board "4"]
[White "Ebner, Hubert"]
[Black "Hafner, Robert"]
[Result "1/2-1/2"]
[WhiteElo "2194"]
[BlackElo "2110"]
[PlyCount "62"]
[EventDate "2009.10.10"]
[EventType "team"]
[EventRounds "11"]
[EventCountry "AUT"]
[WhiteTeam "ESV Austria Graz"]
[BlackTeam "Admira Villach"]

1.c4 c6 2.e4 d5 3.exd5 cxd5 4.cxd5 Qxd5 5.Nc3 Qd8 6.d4 e6 7.Nf3 Nf6 8.Bc4 Be7
9.O-O Nc6 10.Bg5 O-O 11.Qd2 b6 12.Rad1 Bb7 13.Qf4 Na5 14.Bd3 g6 15.Qh4 Bxf3
16.gxf3 Nc6 17.Be4 Rc8 18.Rfe1 Nxe4 19.Bxe7 Qxe7 20.Qxe7 Nxe7 21.fxe4 Rfd8
22.Re2 Rd7 23.Red2 Rcd8 24.f3 Kf8 25.Kf2 f6 26.Ke3 Kf7 27.Rg2 Nc6 28.Rgd2 Ne7
29.Re2 Nc6 30.Red2 Ne7 31.Re2 Nc6

[Event "2. Bundesliga Mitte 2009/2010"]
[Site "Frauental"]
[Date "2010.02.27"]
[Round "7"]
[Board "5"]
[White "Revelant, Stefan"]
[Black "Fahrner, Kurt"]
[Result "1/2-1/2"]
[WhiteElo "2107"]
[BlackElo "2300"]
[PlyCount "100"]
[EventDate "2009.10.10"]
[EventType "team"]
[EventRounds "11"]
[EventCountry "AUT"]
[WhiteTeam "Admira Villach"]
[BlackTeam "ESV Austria Graz"]

1.e4 g6 2.d4 Bg7 3.Nc3 d6 4.Nf3 a6 5.a4 b6 6.Bc4 e6 7.O-O Nd7 8.Bg5 Ne7 9.Qd2 h6
10.Be3 Bb7 11.h3 g5 12.Nh2 Ng6 13.f4 gxf4 14.Bxf4 Nxf4 15.Rxf4 h5 16.Qd3 c5
17.dxc5 Qg5 18.Qf1 Qxc5+ 19.Kh1 Ne5 20.Be2 Qc7 21.Rh4 Ng6 22.Rxh5 Bxc3 23.bxc3
Qxc3 24.Rxh8+ Qxh8 25.Ng4 Ke7 26.Bd3 f5 27.Nf2 fxe4 28.Bxe4 Bxe4 29.Nxe4 Rf8
30.Qg1 Nf4 31.Ra3 Qe5 32.Ng3 Qc5 33.Qxc5 bxc5 34.Rb3 d5 35.Rb6 Ra8 36.Kh2 Kd7
37.Nf1 d4 38.Nd2 Nd5 39.Nc4 Ra7 40.Ne5+ Ke7 41.Rc6 Nb4 42.Rxc5 Kd6 43.Ra5 Nxc2
44.g4 Nb4 45.Kg3 Rc7 46.g5 Rc3+ 47.Kf2 Rc2+ 48.Kf3 Rc3+ 49.Kf2 Rc2+ 50.Kf3 Rc3+

[Event "2. Bundesliga Mitte 2009/2010"]
[Site "Frauental"]
[Date "2010.02.27"]
[Round "7"]
[Board "6"]
[White "Aschenbrenner, Robert"]
[Black "Bartl, Ulf"]
[Result "1-0"]
[WhiteElo "2262"]
[BlackElo "2024"]
[PlyCount "37"]
[EventDate "2009.10.10"]
[EventType "team"]
[EventRounds "11"]
[EventCountry "AUT"]
[WhiteTeam "ESV Austria Graz"]
[BlackTeam "Admira Villach"]

1.d4 Nf6 2.c4 g6 3.Nc3 Bg7 4.e4 d6 5.Nge2 O-O 6.Ng3 e5 7.d5 c6 8.h4 cxd5 9.cxd5
h5 10.Bg5 Nbd7 11.Be2 Qa5 12.Qd2 a6 13.O-O Qb4 14.Rfc1 Nc5 15.Rab1 Bd7 16.Be3
Na4 17.Bd1 Nxc3 18.bxc3 Qa5 19.Bb6

[Event "2. Bundesliga Mitte 2009/2010"]
[Site "Frauental"]
[Date "2010.02.28"]
[Round "8"]
[Board "1"]
[White "Testor, Sebastian"]
[Black "Skoberne, Jure"]
[Result "1-0"]
[WhiteElo "2319"]
[BlackElo "2509"]
[PlyCount "55"]
[EventDate "2009.10.10"]
[EventType "team"]
[EventRounds "11"]
[EventCountry "AUT"]
[WhiteTeam "Spg. Sauwald"]
[BlackTeam "ESV Austria Graz"]

1.d4 d6 2.e4 Nf6 3.Nc3 g6 4.Be3 c6 5.h3 Nbd7 6.f4 Qb6 7.Rb1 e5 8.Qd2 Qc7 9.Nf3
Bg7 10.Bd3 O-O 11.O-O b5 12.b4 a6 13.a4 exd4 14.Bxd4 c5 15.bxc5 dxc5 16.Bxf6
Nxf6 17.e5 b4 18.exf6 bxc3 19.Qxc3 Bh6 20.Be4 Ra7 21.Ne5 Qd6 22.Nc6 Rd7 23.Qe5
Qxe5 24.fxe5 Re8 25.Ne7+ Rdxe7 26.fxe7 Be6 27.Rb7 Bg5 28.Rf6

[Event "2. Bundesliga Mitte 2009/2010"]
[Site "Frauental"]
[Date "2010.02.28"]
[Round "8"]
[Board "2"]
[White "Sakelsek, Tadej"]
[Black "Hiermann, Dietmar"]
[Result "1-0"]
[WhiteElo "2403"]
[BlackElo "2297"]
[PlyCount "29"]
[EventDate "2009.10.10"]
[EventType "team"]
[EventRounds "11"]
[EventCountry "AUT"]
[WhiteTeam "ESV Austria Graz"]
[BlackTeam "Spg. Sauwald"]

1.e4 e5 2.Nf3 Nc6 3.Bc4 Bc5 4.c3 Nf6 5.d3 d6 6.Bb3 a6 7.O-O Ba7 8.Nbd2 O-O 9.h3
h6 10.Re1 Re8 11.Nf1 Ne7 12.Nh4 g5 13.Qf3 Kg7 14.Ng3 Be6 15.Qxf6+

[Event "2. Bundesliga Mitte 2009/2010"]
[Site "Frauental"]
[Date "2010.02.28"]
[Round "8"]
[Board "3"]
[White "Niederwieser, Peter"]
[Black "Kotz, Heinz Peter"]
[Result "0-1"]
[WhiteElo "2173"]
[BlackElo "2332"]
[PlyCount "52"]
[EventDate "2009.10.10"]
[EventType "team"]
[EventRounds "11"]
[EventCountry "AUT"]
[WhiteTeam "Spg. Sauwald"]
[BlackTeam "ESV Austria Graz"]

1.d4 Nf6 2.c4 g6 3.Nc3 Bg7 4.e4 d6 5.Nf3 O-O 6.Be2 Na6 7.O-O e5 8.Qc2 Qe8 9.d5
Nh5 10.Rb1 f5 11.b4 Nf4 12.Bd1 Bd7 13.g3 g5 14.Nd2 g4 15.c5 Qh5 16.Re1 Qg5
17.Nc4 Rf6 18.cxd6 Rh6 19.Ne3 Qh5 20.Nf1 cxd6 21.b5 Nc7 22.Ne2 Bxb5 23.Rxb5 Nxb5
24.Qb3 Nh3+ 25.Kh1 f4 26.Qxb5 f3

[Event "2. Bundesliga Mitte 2009/2010"]
[Site "Frauental"]
[Date "2010.02.28"]
[Round "8"]
[Board "4"]
[White "Ebner, Hubert"]
[Black "Bittner, Rudolf Jun."]
[Result "1-0"]
[WhiteElo "2194"]
[BlackElo "2045"]
[PlyCount "82"]
[EventDate "2009.10.10"]
[EventType "team"]
[EventRounds "11"]
[EventCountry "AUT"]
[WhiteTeam "ESV Austria Graz"]
[BlackTeam "Spg. Sauwald"]

1.d4 d5 2.c4 dxc4 3.Nf3 a6 4.e3 b5 5.a4 Bb7 6.axb5 axb5 7.Rxa8 Bxa8 8.b3 e6
9.bxc4 bxc4 10.Bxc4 Nf6 11.O-O Be7 12.Qa4+ Nbd7 13.Ne5 O-O 14.Nc6 Bxc6 15.Qxc6
Qa8 16.Bb5 Qxc6 17.Bxc6 Nb8 18.Bb5 c6 19.Ba4 Bb4 20.Ba3 Bxa3 21.Nxa3 Nd5 22.Rc1
Nb6 23.Bd1 Rc8 24.Bf3 Kf8 25.h4 Ke7 26.Nb1 N8d7 27.Rxc6 Rxc6 28.Bxc6 Kd6 29.Bxd7
Nxd7 30.Nc3 f5 31.Kh2 h6 32.f4 Nf6 33.Kg3 Ne4+ 34.Nxe4+ fxe4 35.h5 Ke7 36.Kh4
Kf7 37.g4 Kf6 38.Kg3 Ke7 39.f5 Kf6 40.Kf4 Ke7 41.Kg3 Kf7